Pays qui utilisent le dinar - Mort subite - Statistiques

Statistiques générales
  • Ce quiz a été pris 635 fois
  • Le résultat moyen est 2 sur 9
Answers on the Grid
Answers color-coded by a green-red scale on the quiz's grid according to % correct below.
Serbie
Algérie
Bahreïn
Irak
Jordanie
Tunisie
Libye
Koweït
Macédoine du Nord
Émirats Arabes Unis
Maroc
Égypte
Mauritanie
Soudan
Somalie
Mali
Soudan du Sud
Yémen
Syrie
Oman
 
Statistiques - réponses
Réponse % Correct
Algérie
70%
Tunisie
58%
Libye
27%
Koweït
18%
Irak
16%
Jordanie
16%
Bahreïn
15%
Serbie
15%
Macédoine du Nord
7%
Aucun quiz correspondant
Distribution des résultats
% des personnes avec chaque résultat
Percentile par nombre de réponses
Votre historique - résultats
Vous n’avez pas pris ce quiz